Schalke 04 all-time top scorers - Statistics

General Stats
  • This quiz has been taken 45 times
  • The average score is 4 of 10
Answer Stats
Goals Nationality Player % Correct
124 Netherlands Klaas-Jan Huntelaar
98%
226 Germany Klaus Fischer
88%
103 Denmark Ebbe Sand
58%
87 Germany Kevin Kuranyi
44%
75 Germany Olaf Thon
42%
88 Germany Ingo Anderbrügge
28%
141 Germany Bernhard Klodt
7%
71 Germany Manfred Kreuz
5%
78 Germany Waldemar Gerhardt
5%
83 Germany Willi Koslowski
5%
No matching quizzes found
Score Distribution
Percent of People with Each Score
Percentile by Number Answered
Your Score History
You have not taken this quiz